| 000 | 00775cam a2200241 a 4500 | ||
|---|---|---|---|
| 001 | 3025822 | ||
| 005 | 20180213065255.0 | ||
| 008 | 940804s1994 nyuab 000 0 eng d | ||
| 010 | _a 94205327 | ||
| 020 | _a0471003166 | ||
| 035 | _a(OCoLC)30882371 | ||
| 040 |
_aFTS _cFTS _dDLC |
||
| 041 | _aeng | ||
| 042 | _alccopycat | ||
| 080 | _a515 pro | ||
| 082 | 0 | 0 |
_a515 pro _220 |
| 100 | _a33 | ||
| 101 | _amat | ||
| 245 | 1 | 0 |
_aCalculus : _cThe Ithaca College Calculus Group. Stephen Hilbert, John Maceli, Eric Robinson, Diane Driscoll Schwartz, Stan Seltzer. |
| 906 |
_a7 _bcbc _ccopycat _d3 _encip _f19 _gy-gencatlg |
||
| 942 |
_2ddc _cBK |
||
| 999 |
_c42373 _d42373 |
||